Statistics for Turkish Words - Random

Click here to take the quiz!

General Stats

  • This quiz has been taken 1,553 times
  • The average score is 7 of 10

Answer Stats

#TurkishEnglish% Correct
46KediCat
100%
1MerhabaHello
100%
5DondurmaIce Cream
100%
3PartiParty
100%
83PizzaPizza
100%
42YağmurRain
100%
36TürkçeTurkish
100%
6SuWater
100%
52ZebraZebra
100%
8BalıkFish
95%
10TelevizyonTelevision
95%
53ElmaApple
94%
60BebekBaby
94%
16PeynirCheese
93%
86KahveCoffee
93%
47KöpekDog
92%
31EvHouse
92%
40BombaBomb
91%
20ÇiçekFlower
91%
84PankekPancake
90%
21KalemPencil
89%
90ÇorapSocks
89%
100KitapBook
88%
81BayrakFlag
88%
98MüzikMusic
88%
85ŞeftaliPeach
88%
96KarSnow
88%
91TelefonTelephone
88%
37YeşilGreen
87%
45MorPurple
87%
18ÇilekStrawberry
87%
22AteşFire
86%
15ZeytinOlive
86%
29PortakalOrange
86%
67MakarnaPasta
85%
26KirazCherry
84%
58AnatharKey
84%
43GözEye
82%
2SelamHi
82%
78UtangaçShy
82%
92KışWinter
82%
97SanatArt
81%
4BalonBalloon
81%
14MasaTable
81%
28YeniNew
80%
33ÇikolataChocolate
79%
44SaçHair
79%
25BuzIce
78%
94OkulSchool
78%
17YatakBed
77%
77CipsChips
77%
65OkyanusOcean
76%
34KapıDoor
75%
41KulakEar
75%
7ÇatalFork
75%
11PembePink
75%
64DenizSea
75%
39AğaçTree
75%
59KırmızıRed
74%
32LolipopLollipop
73%
55MaymunMonkey
73%
88KurbağaFrog
72%
13YastıkPillow
72%
50KarpuzWatermelon
72%
49MuzBanana
71%
12KağıtPaper
71%
72ParfümPerfume
71%
79ZehirPoison
71%
95FareMouse
70%
30SaatClock
69%
61GorilGorilla
69%
19ŞapkaHat
68%
99TavşanRabbit
68%
87ZenginRich
67%
68KelebekButterfly
60%
51KavunMelon
60%
54KatilMurderer
60%
27MumCandle
58%
69Uğur BöceğiLadybug
58%
35AynaMirror
57%
48KareSquare
57%
23YaprakLeaf
52%
56NoktaDot
50%
76HükûmetGovernment
50%
57KlavyeKeyboard
50%
74AkciğerLungs
50%
48DomuzPig
50%
38SilgiEraser
48%
24BaloncukBubble
47%
62SeviyeLevel
47%
93TahtaWood
45%
89YapbozPuzzle
44%
9KumandaRemote
44%
63HavuzPool
43%
73KaraciğerLiver
42%
70ZarDice
38%
71Tavus KuşuPeacock
37%
75KaridesShrimp
36%
80BıldırcınQuail
33%
66KumSand
33%
82SivrisinekMosquito
11%

Score Distribution

Percentile by Number Answered

Percent of People with Each Score

Your Score History

You have not taken this quiz